明日方舟 无法单人无漏通过1-7的六星干员 - Statistics

General Stats
  • This quiz has been taken 35 times
  • The average score is 5 of 8
Answer Stats
职业 六星干员 % Correct
辅助 浊心斯卡蒂
86%
辅助 安洁莉娜
68%
近卫 玛恩纳
64%
术师 卡涅利安
64%
辅助 淬羽赫默
54%
重装 塞雷娅
46%
辅助 魔王
46%
特种 麒麟R夜刀
32%
No matching quizzes found
Score Distribution
Percent of People with Each Score
Percentile by Number Answered
Your Score History
You have not taken this quiz